000 01315nam a22002657a 4500
003 NALT
005 20251125232952.0
008 s2547 th tha d
020 _a9742881456
040 _aNALT
041 _atha
090 _aKS 45
_bส768ค 2547
100 0 _aสุดา (วัชรวัฒนากุล) วิศรุตพิชญ์
_931841
245 1 0 _aคำอธิบายประมวลกฎหมายแพ่งและพาณิชย์ว่าด้วย ค้ำประกัน จำนอง จำนำ /
_cสุดา (วัชรวัฒนากุล) วิศรุตพิชญ์.
250 _aพิมพ์ครั้งที่ 4
260 _aกรุงเทพฯ :
_bวิญญูชน,
_c2547
300 _a159 หน้า ;
_c26 ซม.
650 0 4 _aกฎหมายแพ่งและพาณิเชย์ -- จำนำ
650 0 4 _aกฎหมายแพ่งและพาณิชย์ -- จำนอง
650 0 4 _aกฎหมายแพ่งและพาณิชย์ -- ค้ำประกัน
850 _aNALT
856 4 0 _uhttps://hdl.handle.net/20.500.14156/302871
942 _cLB
_2lcc
999 _c45869
_d45869
998 _j109
_k อารีรัตน์ วิชาช่าง